Foundations of physical mesomechanics of structurally inhomogeneous media; Mechanics of Solids; Vol. 45, N 4
| Parent link: | Mechanics of Solids.— , 2010 Vol. 45, N 4.— 2010.— P. 501-518 |
|---|---|
| Main Author: | |
| Other Authors: | , |
| Summary: | We present the basic principles of physical mesomechanics of structurally inhomogeneous media; the theory is developed on the basis of common approaches of nonequilibrium thermodynamics, gauge theory of defects, and mechanics of structured media. Within a multilevel approach, the plastic deformation evolution is considered in the entire hierarchy of structure-scale levels: at the nano, micro, meso, and macro level. Fracture is treated as the final stage of increasing disequilibrium of a solid, when the nonequilibrium thermodynamical Gibbs potential becomes zero and the structure-phase decay of the crystal occurs В фонде НТБ ТПУ отсутствует |
| Language: | English |
| Published: |
2010
|
| Subjects: | |
| Format: | Book Chapter |
| KOHA link: | https://koha.lib.tpu.ru/cgi-bin/koha/opac-detail.pl?biblionumber=599516 |
MARC
| LEADER | 00000naa0a2200000 4500 | ||
|---|---|---|---|
| 001 | 599516 | ||
| 005 | 20250411122220.0 | ||
| 035 | |a (RuTPU)RU\TPU\tpu\23601 | ||
| 035 | |a RU\TPU\tpu\19148 | ||
| 090 | |a 599516 | ||
| 100 | |a 20130911d2010 k||y0rusy50 ba | ||
| 101 | 0 | |a eng | |
| 102 | |a US | ||
| 200 | 1 | |a Foundations of physical mesomechanics of structurally inhomogeneous media |f V. E. Panin, Yu. V. Grinyaev, V. E. Egorushkin | |
| 320 | |a References: 44 titles | ||
| 330 | |a We present the basic principles of physical mesomechanics of structurally inhomogeneous media; the theory is developed on the basis of common approaches of nonequilibrium thermodynamics, gauge theory of defects, and mechanics of structured media. Within a multilevel approach, the plastic deformation evolution is considered in the entire hierarchy of structure-scale levels: at the nano, micro, meso, and macro level. Fracture is treated as the final stage of increasing disequilibrium of a solid, when the nonequilibrium thermodynamical Gibbs potential becomes zero and the structure-phase decay of the crystal occurs | ||
| 333 | |a В фонде НТБ ТПУ отсутствует | ||
| 461 | |t Mechanics of Solids |d 2010 | ||
| 463 | |t Vol. 45, N 4 |v P. 501-518 |d 2010 | ||
| 610 | 1 | |a труды учёных ТПУ | |
| 700 | 1 | |a Panin |b V. E. |c Director of Russian materials science center |c Research advisor of Institute of strength physics and materials science of Siberian branch of Russian Academy of Sciences |f 1930- |g Viktor Evgenyevich |3 (RuTPU)RU\TPU\pers\26443 | |
| 701 | 1 | |a Grinyaev |b Yu. V. | |
| 701 | 1 | |a Egorushkin |b V. E. | |
| 801 | 1 | |a RU |b 63413507 |c 20110117 | |
| 801 | 2 | |a RU |b 63413507 |c 20130911 |g RCR | |
| 942 | |c CR | ||